000 00714 a2200229 4500
005 20260317122445.0
008 260317b |||||||| |||| 00| 0 eng d
020 _a9789360624941 (hbk)
037 _cTB
040 _aCRL
_cCRL
041 _2URD
_aURD
084 _aO168,3NKHx R5
_bCRL
100 _aKhan, Shabab Afsar
_91116028
245 _aBahut nikle mere arman
260 _aNew Delhi, India:
_bEducational publishing house,
_c2025.
300 _a196p.
365 _b500.00
_cINR
650 _aUrdu Literature
650 _aUrdu Fiction
942 _cTB
_2CC
_hO168,3NKHx R5
999 _c1679760
_d1679760